000
00210 a2200097 4500
001
25504
100
_a
Gaydon A G
245
_a
Flames: their sttrctures
260
_a
_b
chapman & Hall
_c
090
_c
17228
_d
17228
942
_a
NUST-CAE
_c
M
_c
8034
999
_c
260577
_d
260577